Carta con fecha 23 de Julio de 1929, para el Ilustrisimo y Reverendísimo Señor

Síntesis: Carta que envió Miguel Palomar al Obispo de Huejutla, José de Jesús, Manríquez y Zárate, en esta carta le habla de los arreglos del 21 de Junio de 1929, y le dice que no se protegió a los cristeros al firmar dichos arreglos.

Saved in:
Bibliographic Details
Main Author: Palomar y Vizcarra, Miguel (autor)
Format: Book
Subjects:
Tags: Add Tag
No Tags, Be the first to tag this record!

MARC

LEADER 00000nam^a2200000^a^4500
001 000250687
005 20250526000000.0
009 20260310105822.058
035 |a R01688 
037 |a Acervo Xavier Clavigero 
082 |a 21. 2  |b PAL V. LIBRO 11 DOC 11/111 
100 |a Palomar y Vizcarra, Miguel  |e (autor) 
245 1 0 |a Carta con fecha 23 de Julio de 1929, para el Ilustrisimo y Reverendísimo Señor 
264 |a México :  |b Destinatario: Manríquez y Zárate, José de Jesús, Obp. de Huejutla,  |c 1929 
300 |a 6 fojas, mcs/cop., 21.5x28 
336 |a texto  |b txt  |2 rdacontenido 
337 |a sin mediación  |b n  |2 rdamedio 
338 |a volumen  |b nc  |2 rdasoporte 
520 |a Síntesis: Carta que envió Miguel Palomar al Obispo de Huejutla, José de Jesús, Manríquez y Zárate, en esta carta le habla de los arreglos del 21 de Junio de 1929, y le dice que no se protegió a los cristeros al firmar dichos arreglos. 
598 |a Carta 
598 |a En la biblioteca del ILFC, Guadalajara, Jal. 
598 |a Lugares que cita el documento: E.U. 
598 |a Fechas que cita el documento: 1929/Junio/21 
649 |a XX 
650 |a * Palomar y Vizcarra, Miguel -  |x Correspondencia, memorias, etc 
650 |a Iglesia y Estado -  |z México 
650 |a * Laín, Juan 
650 |a * Ruiz y Flores, Leopoldo 
650 |a Díaz y Barreto, Pascual 
650 |a Hoover, Herbert Clark 
650 |a * Zepeda, Jacoba 
650 |a * Manríquez y Zárate, José de Jesús 
650 |a Portes Gil, Emilio 
910 |a Fondo Jesús Gómez Fregoso S.J. FXC 
920 |a Impresos - Documentos 
930 |a Libros Antiguos y Raros 
940 |a Guerra Cristera 
905 |a 110 
901 |a R01688  |b IT2  |c LRA  |i R01688  |u 20250526 
902 |a https://opac.biblio.iteso.mx/vufind/Record/000250687